000 01076cam a2200301 i 4500
001 19459610
005 20180308071329.0
008 170123s2017 dcua b 001 0 eng d
010 _a 2017931703
020 _a1610918428
020 _a9781610918428
035 _a(OCoLC)ocn962254686
040 _aYDX
_beng
_cYDX
_erda
_dBTCTA
_dOCLCQ
_dVRU
_dVMI
_dGHS
_dYDX
_dOCLCF
_dKPS
_dTFF
_dGZM
_dIDU
_dIAK
_dFM0
_dEYM
_dTEU
_dEUW
_dDLC
041 _aeng
042 _alccopycat
080 _a363.70071 ASS
082 0 4 _a363.70071 ASS
_223
082 0 4 _2363.70071 ASS
100 _a10
101 _aMJE
245 0 0 _aEarthEd :
_cErik Assadourian, project director ; Erik Assadourian and Lisa Mastny, editors.
246 3 0 _aEarth ed :
_brethinking education on a changing planet
246 3 _aState of the world 2017
504 _aIncludes bibliographical references (pages 313-353) and index.
906 _a7
_bcbc
_corignew
_d2
_eepcn
_f20
_gy-gencatlg
942 _2ddc
_cBK
999 _c44465
_d44465